| Tag |
First Indicator |
Second Indicator |
Subfields |
| LEADER |
00000cam a2200000 a 4500 |
| 001 |
in00001129713 |
| 005 |
20230427204738.2 |
| 008 |
930419s1993 waua b 101 0 eng d |
| 020 |
|
|
|a 0819409774 (pbk.)
|
| 035 |
|
|
|a (OCoLC)27940936
|
| 035 |
|
|
|9 AFW0824AM
|
| 040 |
|
|
|a SCT
|c SCT
|d TXA
|d UtOrBLW
|
| 049 |
|
|
|a TXAM
|
| 090 |
|
|
|a TA1800
|b .F5127 1993
|
| 245 |
0 |
0 |
|a Fiber optic smart structures and skins V :
|b 8-9 September 1992, Boston, Massachusetts /
|c Richard O. Claus, Robert S. Rogowski, chairs/editors ; sponsored and published by SPIE--the International Society for Optical Engineering.
|
| 264 |
|
1 |
|a Bellingham, Wash., USA :
|b SPIE,
|c [1993]
|
| 264 |
|
4 |
|c ©1993
|
| 300 |
|
|
|a ix, 304 pages :
|b illustrations ;
|c 28 cm.
|
| 336 |
|
|
|a text
|b txt
|2 rdacontent
|
| 337 |
|
|
|a unmediated
|b n
|2 rdamedia
|
| 338 |
|
|
|a volume
|b nc
|2 rdacarrier
|
| 490 |
1 |
|
|a Proceedings / SPIE--the international society for optical engineering ;
|v v. 1798
|
| 504 |
|
|
|a Includes bibliographical references and index.
|
| 650 |
|
0 |
|a Fiber optics
|v Congresses.
|
| 650 |
|
0 |
|a Optical detectors
|v Congresses.
|
| 650 |
|
0 |
|a Composite materials
|v Congresses.
|
| 700 |
1 |
|
|a Claus, Richard O.
|
| 700 |
1 |
|
|a Rogowski, Robert S.
|
| 710 |
2 |
|
|a Society of Photo-optical Instrumentation Engineers.
|
| 740 |
0 |
|
|a Fiber optic smart structures and skins five.
|
| 740 |
0 |
|
|a Fiber optic smart structures and skins 5.
|
| 830 |
|
0 |
|a Proceedings of SPIE--the International Society for Optical Engineering ;
|v v. 1798.
|
| 856 |
4 |
1 |
|u https://www.spiedigitallibrary.org/conference-proceedings-of-SPIE/1798.toc
|t 0
|
| 999 |
|
|
|a MARS
|
| 999 |
f |
f |
|s eb0fa843-13af-35c8-ae93-d23a9d0ab69c
|i 6d8e193a-5ef9-377c-9a6c-3ecb2a8a256a
|t 0
|
| 952 |
f |
f |
|p ric
|a Texas A&M University
|b Rellis Campus
|c Joint Library Facility
|d Remote Storage
|t 0
|e TA1800 .F5127 1993
|h Library of Congress classification
|i unmediated -- volume
|m A14817091077
|
| 998 |
f |
f |
|a TA1800 .F5127 1993
|t 0
|l Remote Storage
|